000 00652nam a2200277Ia 4500
005 20260320195739.0
008 008 262003s9999 xx 000 0 hin d
020 _a9788126708611
037 _aEBOOK
040 _aCRL
040 _bhin
040 _cCRL
041 _2hin
041 _ahin
084 _qCRL
100 _aराही मासूम रजा
_91132885
245 0 _aनीम का पेड़
250 _a13th
260 _bRajkamal
260 _c2004
300 _a92
856 _uhttps://ebook.indiaread.in/pdfs/295_neem_ka_ped.pdf
942 _cEBOOK
999 _c1716279
_d1716279